000 00872cab a2200253 4500
001 ABS53387
008 090401t1995 xxu||||| |||| 00| 0 eng d
035 _a(Sirsi) u3872
041 _aeng
100 _aHiang, L.K.
245 4 _aThe wealth effects of property asset revaluations - some UK evidence
260 _c1995
350 _a0
490 _aJournal of Real Estate and Construction
_v5(1) July 1995, 1-26(14)
520 _aAssesses the effects of property asset revaluations by retail companies on share prices and corporate growth between 1982 and 1991. Includes statistics and graphs.
650 _aASSET VALUATION
650 _aRETAIL COMPANIES
650 _aRETAIL PROPERTY
650 _aREVALUATION
650 _aSSAP16
690 _aPROPERTY-COMMERCIAL PROPERTY-COMMERCIAL PROPERTY FINANCE AND INVESTMENT
942 _n0
948 _c04/03/1997
999 _c2340
_d2340